Diccionario geográfico universal : dedicado a la Reina Nuestra Señora ... / redactado de los mas recientes y acreditados diccionarios de Europa, particularmente españoles, franceses, ingleses y alemanes por una Sociedad de Literatos: S. B. M. F. C. L. D. ... dedicado a la Reina Nuestra Señora ... / redactado de los mas recientes y acreditados diccionarios de Europa, particularmente españoles, franceses, ingleses y alemanes por una Sociedad de Literatos:
MARC
| LEADER | 00000nam a2200000Ia 4500 | ||
|---|---|---|---|
| 001 | 16021, 16022, 16023, 16024, 16025, 16026, 16027, 16028, 16029, 16030 | ||
| 008 | 160829s1830 - 1834 xx 000 0 cat d | ||
| 080 | |a H-2-251, H-2-252, H-2-253, H-2-254, H-2-255, H-2-256, H-2-257, H-2-258, H-2-259, H-2-260 | ||
| 245 | |a Diccionario geográfico universal : |b dedicado a la Reina Nuestra Señora ... / redactado de los mas recientes y acreditados diccionarios de Europa, particularmente españoles, franceses, ingleses y alemanes por una Sociedad de Literatos: |b S. B. M. F. C. L. D. ... | ||
| 260 | |a Barcelona : |b (Imprenta de José Torner), |c 1830 - 1834 | ||
| 300 | |a 10 v. ; |c 24 cm | ||
| 590 | |a Descripció sumària del contingut general de l'obra a la portada. | ||
| 590 | |a Inclou als preliminars del volum 1 una dedicatòria a la Reina Maria Cristina de Borbó, signada: 'Por la Sociedad, Antonio Bergnes y de las Casas'. | ||
| 590 | |a Text a dues columnes, excepte a preliminars | ||
| 650 | |a Geografia |x Diccionaris |x Castellà |9 37744 | ||
| 901 | |a Arxiu | ||
| 942 | |n 1 | ||
| 952 | |0 0 |1 0 |4 0 |6 H2251_H2252_H2253_H2254_H2255_H2256_H2257_H2258_H2259_H2260 |7 1 |9 48041 |a Arxiu |b Arxiu |d 2016-12-01 |l 0 |o H-2-251, H-2-252, H-2-253, H-2-254, H-2-255, H-2-256, H-2-257, H-2-258, H-2-259, H-2-260 |p 16021, 16022, 16023, |r 2016-12-01 00:00:00 |w 2016-12-01 |y ARXIU | ||
| 999 | |c 51844 |d 51844 | ||